00529cam a22002292 4500001001100000005001700011008004100028020001700069040001500086100002900101245003000130250001300160260003800173300001900211650005100230852000300281852000300284852000300287852000300290852000300293852000300296000001920020151217145911.0101019s xx 000 0 eng d a0414041790 : aKABUcKABU1 aWragg, Tony.@000016016110aFamily law /cTony Wragg. a8th ed. aLondon :bThomson Reuters,c2010. axxiii, 124 p. 0aDomestic relationszGreat Britain.@00001601621 1 1 1 1 1